Toutes les communes de l'Isère sur une carte - Statistiques

Statistiques générales
  • Ce quiz a été pris 2 253 fois
  • Le résultat moyen est 99 sur 512
Réponses sur la Carte
Les réponses sont colorées sur une échelle allant du rouge au vert en fonction du pourcentage des utilisateurs qui les ont devinées à leur premier essai. Vous pouvez retrouver ces pourcentages ci-dessous.
 
Statistiques - réponses
Population Commune % Correct
158 240 Grenoble
97%
36 970 Échirolles
78%
3 546 Le Pont-de-Beauvoisin
74%
10 879 Le Pont-de-Claix
74%
183 Saint-Martin-de-Clelles
74%
736 Saint-Martin-de-la-Cluze
74%
247 Saint-Martin-de-Vaulserre
74%
38 188 Saint-Martin-d'Hères
74%
5 529 Saint-Martin-d'Uriage
74%
5 851 Saint-Martin-le-Vinoux
74%
20 332 Voiron
74%
6 028 Pont-de-Chéruy
72%
795 Pont-en-Royans
72%
5 329 Pont-Évêque
72%
30 059 Vienne
69%
29 389 Bourgoin-Jallieu
68%
8 148 La Tour-du-Pin
67%
981 Saint-Jean-d'Avelanne
64%
4 655 Saint-Jean-de-Bournay
64%
3 563 Saint-Jean-de-Moirans
64%
1 661 Saint-Jean-de-Soudain
64%
530 Saint-Jean-de-Vaulx
64%
289 Saint-Jean-d'Hérans
64%
292 Saint-Jean-le-Vieux
64%
763 Saint-Pierre-de-Bressieux
60%
950 Saint-Pierre-de-Chartreuse
60%
466 Saint-Pierre-de-Chérennes
60%
112 Saint-Pierre-de-Méaroz
60%
784 Saint-Pierre-de-Mésage
60%
567 Saint-Pierre-d'Entremont
60%
3 380 Crêts en Belledonne
59%
23 049 Fontaine
58%
1 437 Saint-Marcel-Bel-Accueil
55%
1 182 Ville-sous-Anjou
55%
9 514 Voreppe
55%
18 221 Meylan
51%
16 717 L'Isle-d'Abeau
50%
7 305 Vizille
50%
2 673 Lans-en-Vercors
49%
4 279 Villard-de-Lans
49%
16 015 Saint-Égrève
48%
7 495 Moirans
47%
6 076 Saint-Quentin-Fallavier
47%
1 483 Saint-Quentin-sur-Isère
47%
7 907 Seyssins
47%
4 899 La Mure
46%
11 339 Sassenage
46%
2 461 Chatte
45%
8 193 Crolles
45%
6 559 La Tronche
44%
3 207 Saint-Étienne-de-Saint-Geoirs
44%
321 Saint-André-en-Royans
43%
2 761 Saint-André-le-Gaz
43%
2 572 Saint-Étienne-de-Crossey
43%
4 817 La Côte-Saint-André
42%
7 349 Pontcharra
42%
2 235 Saint-Paul-de-Varces
42%
295 Saint-Paul-d'Izeaux
42%
274 Saint-Paul-lès-Monestier
42%
7 927 Claix
41%
2 397 Plateau-des-Petites-Roches
41%
4 499 Saint-Laurent-du-Pont
41%
425 Saint-Laurent-en-Beaumont
41%
7 731 Saint-Marcellin
41%
8 614 Vif
41%
411 Chamrousse
40%
18 891 Villefontaine
40%
3 068 Autrans-Méaudre en Vercors
39%
10 112 Eybens
39%
1 298 Huez
39%
3 285 Le Bourg-d'Oisans
39%
11 792 Seyssinet-Pariset
39%
3 255 Champ-sur-Drac
37%
7 755 Tullins
37%
6 645 Rives
36%
604 Saint-Hilaire-de-Brens
36%
1 575 Saint-Hilaire-de-la-Côte
36%
1 874 Saint-Hilaire-du-Rosier
36%
7 140 Gières
35%
988 La Sure en Chartreuse
35%
2 526 Villages du Lac de Paladru
35%
3 437 Crémieu
34%
1 942 Les Deux Alpes
34%
6 439 Les Abrets en Dauphiné
33%
4 492 Morestel
33%
4 101 Corenc
32%
1 905 La Chapelle-de-la-Tour
32%
763 La Chapelle-de-Surieu
32%
568 La Chapelle-du-Bard
32%
2 592 Saint-Georges-de-Commiers
32%
3 466 Saint-Georges-d'Espéranche
32%
295 Saint-Michel-de-Saint-Geoirs
31%
5 005 Beaurepaire
30%
106 Saint-Christophe-en-Oisans
30%
813 Saint-Christophe-sur-Guiers
30%
7 354 La Verpillière
29%
6 444 Le Péage-de-Roussillon
29%
8 460 Roussillon
29%
481 Sainte-Marie-d'Alloix
29%
235 Sainte-Marie-du-Mont
29%
7 046 Saint-Ismier
29%
6 670 Domène
28%
3 446 Saint-Clair-de-la-Tour
28%
3 680 Saint-Clair-du-Rhône
28%
263 Saint-Clair-sur-Galaure
28%
3 999 Allevard
27%
2 150 Roche
27%
414 Saint-Albin-de-Vaulserre
27%
156 Saint-Julien-de-l'Herms
27%
3 172 Cessieu
26%
3 797 Jarrie
26%
174 Saint-Maurice-en-Trièves
26%
6 413 Saint-Maurice-l'Exil
26%
31 Saint-Michel-en-Beaumont
26%
287 Saint-Michel-les-Portes
26%
4 405 Vinay
25%
1 871 Beaucroissant
24%
7 777 Les Avenières Veyrins-Thuellin
24%
3 166 Le Touvet
24%
15 Monestier-d'Ambel
24%
1 449 Monestier-de-Clermont
24%
247 Monestier-du-Percy
24%
2 131 Saint-Alban-de-Roche
24%
880 Saint-Alban-du-Rhône
24%
1 197 Saint Antoine l'Abbaye
24%
311 Saint-Didier-de-Bizonnes
24%
2 124 Saint-Didier-de-la-Tour
24%
1 103 Saint-Nizier-du-Moucherotte
24%
2 224 Saint-Victor-de-Cessieu
24%
1 088 Saint-Victor-de-Morestel
24%
2 880 Aoste
23%
1 950 Charavines
23%
4 708 Heyrieux
23%
3 084 Le Grand-Lemps
23%
1 406 Mens
23%
1 536 Val-de-Virieu
23%
6 338 Chasse-sur-Rhône
22%
362 Corrençon-en-Vercors
22%
1 133 Le Sappey-en-Chartreuse
22%
2 648 Nivolas-Vermelle
22%
2 978 Saint-Nazaire-les-Eymes
22%
3 403 Saint-Romain-de-Jalionas
22%
401 Saint-Romain-de-Surieu
22%
4 232 Saint-Savin
22%
3 475 Apprieu
21%
10 194 Charvieu-Chavagneux
21%
535 Clelles
21%
431 Corps
21%
5 318 Coublevie
21%
368 Gresse-en-Vercors
21%
5 457 Montbonnot-Saint-Martin
21%
3 731 Saint-Chef
21%
346 Vaujany
21%
3 218 Dolomieu
20%
2 488 Goncelin
20%
213 Oz
20%
2 682 Saint-Just-Chaleyssin
20%
1 361 Saint-Just-de-Claix
20%
2 528 Vaulx-Milieu
20%
7 324 Villard-Bonnot
20%
3 022 Bernin
19%
3 404 Fontanil-Cornillon
19%
467 Laffrey
19%
1 063 Les Adrets
19%
2 120 Poisat
19%
1 314 Revel
19%
4 732 Ruy-Montceau
19%
1 420 Veurey-Voroize
19%
5 183 Villette-d'Anthon
19%
1 926 Villette-de-Vienne
19%
2 157 Châbons
18%
3 360 Froges
18%
2 148 Izeaux
18%
3 323 La Buisse
18%
2 495 La Terrasse
18%
4 991 Le Versoud
18%
454 Miribel-Lanchâtre
18%
1 743 Miribel-les-Échelles
18%
901 Quaix-en-Chartreuse
18%
1 123 Roybon
18%
1 237 Saint-Joseph-de-Rivière
18%
966 Saint-Nicolas-de-Macherin
18%
2 952 Saint-Siméon-de-Bressieux
18%
1 043 Séchilienne
18%
1 166 Villeneuve-de-Marc
18%
1 488 Biol
17%
2 699 Chanas
17%
2 428 Chirens
17%
2 837 Diémoz
17%
1 877 Entre-deux-Guiers
17%
1 641 Four
17%
2 171 Jardin
17%
138 La Morte
17%
1 843 Montferrat
17%
3 388 Renage
17%
1 495 Saint-Vincent-de-Mercuze
17%
942 Allemond
16%
664 Bresson
16%
1 452 Champier
16%
1 690 Domarin
16%
730 Sainte-Anne-sur-Gervonde
16%
497 Saint-Geoirs
16%
7 685 Tignieu-Jameyzieu
16%
1 341 Vaulnaveys-le-Bas
16%
3 983 Vaulnaveys-le-Haut
16%
1 036 Anjou
15%
441 Engins
15%
1 856 La Murette
15%
1 269 Livet-et-Gavet
15%
1 047 Meyrié
15%
496 Monteynard
15%
2 242 Noyarey
15%
2 390 Saint-Geoire-en-Valdaine
15%
610 Saint-Sorlin-de-Morestel
15%
942 Saint-Sorlin-de-Vienne
15%
4 505 Salaise-sur-Sanne
15%
2 088 Septème
15%
2 153 Tencin
15%
2 011 Theys
15%
8 329 Varces-Allières-et-Risset
15%
1 828 Artas
14%
2 304 Biviers
14%
1 306 Champagnier
14%
2 975 Chapareillan
14%
1 404 Chimilin
14%
1 635 Colombe
14%
2 281 Corbelin
14%
3 620 Estrablin
14%
2 337 Eyzin-Pinet
14%
1 119 La Balme-les-Grottes
14%
1 093 La Frette
14%
584 La Pierre
14%
989 Laval-en-Belledonne
14%
2 178 Lumbin
14%
3 516 Montalieu-Vercieu
14%
859 Murianette
14%
983 Sainte-Blandine
14%
2 174 Trept
14%
767 Venon
14%
1 873 Arandon-Passins
13%
1 585 Bilieu
13%
1 005 Bizonnes
13%
92 Bressieux
13%
2 533 Brié-et-Angonnes
13%
1 990 Charantonnay
13%
2 006 Châtonnay
13%
304 Chichilianne
13%
2 120 Frontonas
13%
342 La Salle-en-Beaumont
13%
1 794 Le Gua
13%
1 872 Maubec
13%
2 046 Porte-des-Bonnevaux
13%
1 094 Rochetoirin
13%
920 Saint-Barthélemy
13%
428 Saint-Barthélemy-de-Séchilienne
13%
656 Saint-Bonnet-de-Chavagne
13%
2 111 Saint-Sauveur
13%
2 500 Satolas-et-Bonce
13%
1 130 Sérézin-de-la-Tour
13%
2 063 Seyssuel
13%
748 Succieu
13%
1 697 Vourey
13%
1 130 Anthon
12%
367 Auberives-en-Royans
12%
1 476 Auberives-sur-Varèze
12%
181 Auris
12%
769 Charancieu
12%
1 407 Charnècles
12%
1 501 Creys-Mépieu
12%
1 464 Eclose-Badinières
12%
1 471 Faverges-de-la-Tour
12%
1 969 La Bâtie-Montgascon
12%
734 La Rivière
12%
2 476 Le Cheylas
12%
411 Le Haut-Bréda
12%
1 970 Les Roches-de-Condrieu
12%
1 175 Marcilloles
12%
1 063 Oyeu
12%
1 684 Oytier-Saint-Oblas
12%
1 156 Pressins
12%
1 008 Réaumont
12%
259 Saint-Baudille-et-Pipet
12%
1 143 Saint-Cassien
12%
1 791 Saint-Romans
12%
1 681 Viriville
12%
1 111 Beauvoir-de-Marc
11%
96 Beauvoir-en-Royans
11%
2 212 Brézins
11%
4 961 Chavanoz
11%
881 Doissin
11%
1 096 Faramans
11%
1 370 Herbeys
11%
454 La Flachère
11%
2 023 Les Côtes-d'Arey
11%
1 155 Montagnieu
11%
588 Montcarra
11%
160 Ornon
11%
653 Panossas
11%
513 Proveysieux
11%
331 Rencurel
11%
828 Saint-Baudille-de-la-Tour
11%
536 Saint-Gervais
11%
227 Sarcenas
11%
2 885 Valencin
11%
1 824 Villemoirieu
11%
1 170 Agnin
10%
1 983 Barraux
10%
599 Belmont
10%
1 102 Bonnefamille
10%
126 Choranche
10%
2 300 Chuzelles
10%
820 Dizimieu
10%
1 626 Grenay
10%
1 086 Jarcieu
10%
1 707 La Motte-d'Aveillans
10%
968 Les Éparres
10%
2 355 Luzinay
10%
1 027 Meyrieu-les-Étangs
10%
1 968 Moidieu-Détourbe
10%
520 Montaud
10%
83 Mont-Saint-Martin
10%
543 Notre-Dame-de-Commiers
10%
1 121 Notre-Dame-de-Mésage
10%
884 Optevoz
10%
1 180 Poliénas
10%
2 006 Reventin-Vaugris
10%
1 636 Romagnieu
10%
2 274 Sablons
10%
1 110 Saint-Agnin-sur-Bion
10%
1 173 Saint-Aupre
10%
1 934 Sillans
10%
512 Valbonnais
10%
692 Valencogne
10%
142 Valjouffrey
10%
2 170 Vézeronce-Curtin
10%
58 Villard-Reculas
10%
633 Beaulieu
9%
148 Besse
9%
446 Burcin
9%
1 731 Chamagnieu
9%
750 Châteauvilain
9%
491 Châtel-en-Trièves
9%
1 496 Clonas-sur-Varèze
9%
761 Culin
9%
1 013 Gillonnay
9%
1 161 Hières-sur-Amby
9%
1 285 L'Albenc
9%
918 Le Passage
9%
351 Lieudieu
9%
190 Mizoën
9%
272 Montagne
9%
557 Sainte-Agnès
9%
650 Saint-Ondras
9%
431 Saint-Sulpice-des-Rivoires
9%
2 116 Serpaize
9%
185 Tréminis
9%
27 Ambel
8%
1 381 Bougé-Chambalud
8%
1 525 Bouvesse-Quirieu
8%
729 Chélieu
8%
628 Cognin-les-Gorges
8%
927 Cour-et-Buis
8%
431 Cras
8%
540 Eydoche
8%
546 Flachères
8%
510 Granieu
8%
751 Izeron
8%
332 La Forteresse
8%
634 Le Bouchage
8%
1 231 Le Champ-près-Froges
8%
746 Massieu
8%
337 Montchaboud
8%
447 Montrevel
8%
136 Pellafol
8%
368 Penol
8%
1 506 Pierre-Châtel
8%
1 790 Porcieu-Amblagnieu
8%
394 Royas
8%
123 Saint-Andéol
8%
1 084 Saint-Blaise-du-Buis
8%
241 Saint-Guillaume
8%
812 Saint-Honoré
8%
1 418 Saint-Lattier
8%
658 Saint-Maximin
8%
1 406 Saint-Prim
8%
563 Saint-Théoffrey
8%
1 717 Saint-Vérand
8%
1 463 Salagnon
8%
1 163 Sardieu
8%
892 Savas-Mépin
8%
1 654 Sermérieu
8%
1 278 Sonnay
8%
1 173 Susville
8%
786 Thodure
8%
821 Torchefelon
8%
845 Varacieux
8%
562 Velanne
8%
1 439 Vernioz
8%
612 Vertrieu
8%
959 Vignieu
8%
710 Annoisin-Chatelans
7%
1 643 Assieu
7%
204 Avignonet
7%
583 Beaufort
7%
1 000 Bellegarde-Poussieu
7%
1 031 Bévenais
7%
313 Bossieu
7%
633 Brangues
7%
222 Chassignieu
7%
268 Château-Bernard
7%
641 Chèzeneuve
7%
354 Cholonge
7%
1 687 Chonas-l'Amballan
7%
98 Clavans-en-Haut-Oisans
7%
1 287 Courtenay
7%
568 Crachier
7%
223 Entraigues
7%
208 Hurtières
7%
1 815 Janneyrias
7%
192 Lalley
7%
152 Lavaldens
7%
172 Le Percy
7%
71 Marcieu
7%
476 Merlas
7%
797 Monsteroux-Milieu
7%
999 Montseveroux
7%
523 Moras
7%
465 Nantes-en-Ratier
7%
859 Ornacieux-Balbins
7%
858 Pact
7%
279 Plan
7%
95 Presles
7%
711 Primarette
7%
102 Quincieu
7%
316 Roissard
7%
320 Saint-Mury-Monteymond
7%
711 Sinard
7%
810 Soleymieu
7%
973 Vénérieu
7%
28 Villard-Notre-Dame
7%
39 Villard-Reymond
7%
401 Villard-Saint-Christophe
7%
152 Blandin
6%
173 Chalon
6%
444 Charette
6%
95 Châtelus
6%
437 Châtenay
6%
735 Chevrières
6%
1 036 Cheyssieu
6%
1 034 Chozeau
6%
763 La Buissière
6%
710 La Combe-de-Lancey
6%
101 La Garde
6%
73 La Salette-Fallavaux
6%
594 La Sône
6%
245 Le Freney-d'Oisans
6%
898 Leyrieu
6%
592 Longechenal
6%
55 Malleval-en-Vercors
6%
633 Marcollin
6%
639 Meyssiez
6%
373 Morette
6%
790 Mottier
6%
499 Notre-Dame-de-l'Osier
6%
524 Notre-Dame-de-Vaulx
6%
1 119 Pajay
6%
726 Parmilieu
6%
523 Pisieu
6%
717 Pommier-de-Beaurepaire
6%
72 Quet-en-Beaumont
6%
1 050 Revel-Tourdan
6%
608 Rovon
6%
418 Saint-Appolinard
6%
40 Sainte-Luce
6%
145 Sousville
6%
286 Treffort
6%
461 Vasselin
6%
263 Vernas
6%
238 Voissant
6%
200 Chantepérier
5%
400 Chasselay
5%
162 Cornillon-en-Trièves
5%
451 La Motte-Saint-Martin
5%
148 Lavars
5%
261 Le Moutaret
5%
72 Les Côtes-de-Corps
5%
138 Marnans
5%
88 Mayres-Savel
5%
737 Moissieu-sur-Dolon
5%
403 Murinais
5%
9 Oulles
5%
294 Ponsonnas
5%
168 Prébois
5%
373 Prunières
5%
718 Saint-Bueil
5%
310 Serre-Nerpol
5%
582 Têche
5%
786 Tramolé
5%
358 Vatilieu
5%
21 Beaufin
4%
145 Brion
4%
365 Chantesse
4%
65 La Valette
4%
239 Lentiol
4%
140 Montfalcon
4%
106 Oris-en-Rattier
4%
586 Siccieu-Saint-Julien-et-Carisieu
4%
132 Siévoz
4%
327 Veyssilieu
4%
104 Bessins
3%
39 Cognet
3%
77 Saint-Arey
3%
Aucun quiz correspondant
Distribution des résultats
% des personnes avec chaque résultat
Percentile par nombre de réponses
Votre historique - résultats
Vous n’avez pas pris ce quiz